00592nam a22002057a 450000500170000001000260001702000260004303500130006903500170008203500130009903700210011203700130013308200060014610000160015224500500016826000730021827000350029130000200032650000400034620170810160953.0 aBAC-EN21 ENG-111988 a9789350297810c599.00 aEN-95520 aB-581993-005 aB-666158 bPragati/venadpl bDABD/PUB aN aNair, Anita aIdris :bkeeper of the light /cby Anita Nair aNoidabFourth Estate (an imprint of Harper Collins Publishers)c2014 aA-53, Sector 57bNoidae201301 a379p.c22cm(Hb) aIncludes bibliographical references